| 000 | 00580nam a2200217Ia 4500 | ||
|---|---|---|---|
| 003 | GCL | ||
| 008 | 140319s9999 xx 000 0 eng d | ||
| 040 |
_aGCL / _cGCL |
||
| 082 | 0 | 4 |
_a658.8342 _bH C |
| 100 | 1 | _aHAWKINS, DEL I. | |
| 245 | 1 | 0 |
_aCONSUMER BEHAVIOR: IMPLICATIONS FOR MARKETING STRATEGY / _cHAWKINS, DEL I. |
| 700 | 1 | _aBEST, REGER J. | |
| 700 | 1 | _aCONEY, KENNETR A | |
| 260 |
_a[S.N] : _bIRWIN ، _c1995 |
||
| 300 | _a649 P | ||
| 650 | 0 | 4 | _aCASE STUDIES |
| 650 | 0 | 4 | _aUNITED STATES |
| 650 | 0 | 4 | _aCONSUMER BEHAVIOR |
| 650 | 0 | 4 | _aMARKET SURVEY |
| 942 |
_2ddc _cBK |
||
| 999 |
_c11673 _d11673 |
||